00341nam a2200133Ia 45000030006000000080041000060400015000471000029000622450049000912500010001402600028001505460012001780050017001900STCL150530s9999 xx 000 0 und d aSTCLcSTCL aShaw; Ward, A.C.; Editor aShaw plays and players essays on the theatre aFirst bOxford universityc1963 aEnglish20220125171005.0